| 000 | 00908nam a2200253Ia 4500 | ||
|---|---|---|---|
| 003 | GCL | ||
| 008 | 140319s9999 xx 000 0 ara d | ||
| 040 |
_aGCL / _cGCL |
||
| 082 | 0 | 4 |
_a320.97309049 _bب ر |
| 100 | 1 | _aبيل كلينتون | |
| 245 | 1 | 0 |
_aرؤيه لتغيير امريكا الاهتمام بالناس اولا / _cبيل كلينتون |
| 700 | 1 | _aال جور | |
| 700 | 1 | _aمركز الاهرام للترجمة والنشر | |
| 250 | _aالاولى | ||
| 260 |
_aالقاهرة : _bمركز الاهرام للترجمة والنشر ، _c1992 |
||
| 300 |
_a242 ص ؛ _c20 سم |
||
| 490 | _a | ||
| 650 | 0 | 4 | _aالاحوال الاجتماعية |
| 650 | 0 | 4 | _aالاحوال السياسية |
| 650 | 0 | 4 | _aالنزاع العربى الاسرائيلى |
| 650 | 0 | 4 | _aالانتخابات |
| 650 | 0 | 4 | _aالولايات المتحدة الامريكية |
| 942 |
_2ddc _cBK |
||
| 999 |
_c44980 _d44980 |
||